000 00287nam a22001217a 4500
005 20251108175937.0
008 250721s1927 xx 000 0 eng d
100 1 _aSISAM, KENNETH
245 1 0 _aNUN`S PRIEST`S TALE /
264 _bOXFORD,
_c1927.
942 _2ddc
_cBK
999 _c146113
_d146113